[Event "Open Acropolis 2008"]
[Site "Atene GRE"]
[Date "2008.08.16"]
[Round "8.36"]
[White "Dounis, Alexandros"]
[Black "Fernandez, Daniel Howard"]
[Result "1-0"]
[WhiteElo "2162"]
[BlackElo "2215"]
[PlyCount "71"]
[EventDate "2008.08.09"]
[Source "www.chesslib.no"]
[SourceDate "2004.05.04"]

1. e4 e5 2. f4 d5 3. exd5 e4 4. d3 Nf6 5. dxe4 Nxe4 6. Nf3 Bc5 7. Qe2 Bf5 8. Nc3 Qe7 9. Be3 Nxc3 10. Bxc5 Nxe2 11. Bxe7 Nxf4 12. d6 Ng6 13. Bg5 cxd6 14. O-O-O f6 15. Bb5+ Bd7 16. Rhe1+ Ne5 17. Rxd6 O-O 18. Rxe5 Bxb5 19. Rxb5 fxg5 20. Rxb7 h6 21. Re6 Kh7 22. Ree7 Rg8 23. Nd4 Na6 24. Rxa7 Rxa7 25. Rxa7 Nc5 26. b4 Ne4 27. b5 Nd6 28. Rd7 Nc4 29. Rc7 Nb6 30. c4 Ra8 31. Kb2 Rf8 32. Rc6 Nd7 33. Re6 Rf2+ 34. Re2 Rf4 35. Kc3 Nc5 36. Ne6 1-0

[Event "Ljubljana op 13th"]
[Site "Ljubljana"]
[Date "2002.06.26"]
[Round "5"]
[White "Alfred, Nathan"]
[Black "Rezonja, Stefan"]
[Result "1-0"]
[WhiteElo "2246"]
[BlackElo "2128"]
[PlyCount "73"]
[EventDate "2002.06.22"]
[Source "ChessBase"]
[SourceDate "2002.07.08"]

1. e4 e5 2. f4 d5 3. exd5 e4 4. d3 Nf6 5. dxe4 Nxe4 6. Nf3 Bc5 7. Qe2 Bf5 8. Nc3 Qe7 9. Be3 Bxe3 10. Qxe3 Nxc3 11. Qxe7+ Kxe7 12. bxc3 Be4 13. Ng5 Bxc2 14. Kd2 Bf5 15. Re1+ Kf8 16. Bc4 h6 17. Nf3 Nd7 18. Nd4 Nb6 19. Bb3 Bd7 20. c4 c6 21. dxc6 bxc6 22. c5 Nc8 23. f5 Ne7 24. Rhf1 f6 25. Ne6+ Bxe6 26. Rxe6 a5 27. Kc3 a4 28. Bc4 h5 29. h4 Nd5+ 30. Bxd5 cxd5 31. Rfe1 Kg8 32. Re8+ Kh7 33. Rxh8+ Kxh8 34. Kd4 g6 35. Kxd5 gxf5 36. c6 Rd8+ 37. Kc5 1-0

[Event "Gibtelecom Masters"]
[Site "Catalan Bay ING"]
[Date "2007.01.30"]
[Round "7"]
[White "Citak, S."]
[Black "Coimbra, M."]
[Result "1-0"]
[WhiteElo "2310"]
[BlackElo "2061"]
[PlyCount "99"]
[EventDate "2007.01.23"]
[Source "www.chesslib.no"]
[SourceDate "2004.05.04"]

1. e4 e5 2. f4 d5 3. exd5 e4 4. d3 Nf6 5. dxe4 Nxe4 6. Nf3 Bc5 7. Qe2 f5 8. Be3 Na6 9. Bxc5 Naxc5 10. Nc3 O-O 11. Qe3 Nxc3 12. Qxc3 Re8+ 13. Ne5 Ne4 14. Qf3 c6 15. O-O-O cxd5 16. Bb5 Re7 17. Ba4 Be6 18. Rd4 Qa5 19. Rhd1 Nc5 20. Bb3 Nxb3+ 21. Qxb3 Rc8 22. Kb1 Kh8 23. Qb4 Qxb4 24. Rxb4 Rec7 25. c3 g6 26. Re1 Bd7 27. Nf7+ Kg8 28. Nd6 Bc6 29. Nxc8 Rxc8 30. Re7 h5 31. Kc2 Kf8 32. Rh7 Kg8 33. Rbxb7 Bxb7 34. Rxb7 Re8 35. Kd2 Re4 36. Rb4 Re7 37. Rd4 Rb7 38. b4 a5 39. a4 Kf7 40. bxa5 Ke6 41. Rb4 Ra7 42. Rb6+ Kf7 43. a6 Ra8 44. Kd3 Rd8 45. a7 Ra8 46. Rb7+ Ke6 47. a5 Kd6 48. Kd4 Kc6 49. a6 Kd6 50. Rb6+ 1-0

[Event "Santo Domingo"]
[Site "?"]
[Date "2006.11.02"]
[Round "4"]
[White "Belorusov Mikhail"]
[Black "Steel Daniel"]
[Result "1-0"]
[WhiteElo "2315"]
[BlackElo "2055"]
[PlyCount "25"]
[EventDate "2006.??.??"]
[Source "www.chesslib.no"]
[SourceDate "2004.05.04"]

1. e4 e5 2. f4 d5 3. exd5 e4 4. d3 Nf6 5. dxe4 Nxe4 6. Qf3 Qxd5 7. Bd3 Nf6 8. Bd2 Bc5 9. Nc3 Qe6+ 10. Nge2 O-O 11. O-O-O Nc6 12. f5 Qe7 13. Bg5 1-0

[Event "FRA-chT2"]
[Site "?"]
[Date "2002.01.19"]
[Round "5.7"]
[White "Roger Mehdi"]
[Black "Mela Jerome"]
[Result "1-0"]
[WhiteElo "2191"]
[BlackElo "2178"]
[PlyCount "50"]
[EventDate "2002.??.??"]
[Source "www.chesslib.no"]
[SourceDate "2004.05.04"]

1. e4 e5 2. f4 d5 3. exd5 e4 4. d3 Nf6 5. dxe4 Nxe4 6. Nf3 Bc5 7. Qe2 Qxd5 8. Nfd2 Kd8 9. Nxe4 Re8 10. Nbc3 Bb4 11. Be3 Bd7 12. Kf2 Qc6 13. Qc4 Na6 14. Qxc6 Bxc6 15. Rd1+ Kc8 16. Bd3 g6 17. a3 Be7 18. Rhe1 f5 19. Ng5 Nc5 20. Bc4 h6 21. Nf3 Be4 22. b4 Nd7 23. Bf7 Rf8 24. Be6 Bd6 25. Ne5 Rd8 1-0